Hari Q Shah Alam pada 18 Disember 1993 vol. 1[video recording]

Bibliographic Details
Format: Book
Published: Bangi : Inspen , 1993
Subjects:

MARC

LEADER 00000cam a2200000 7i4500
001 0000006434
005 20061205.0
040 |a INS 
090 0 0 |a TL278.5 1993 
245 0 0 |a Hari Q Shah Alam pada 18 Disember 1993 vol. 1[video recording] 
260 |a Bangi :   |b Inspen ,   |c 1993 
300 |a 1 video cassette (VHS) :   |b sd., col. ;   |c 1/2 in. 
650 0 0 |a QS-9000 (Standard) 
999 |a VHS517   |b VIDEO   |c Media Collection   |e Default branch 
999 |a VHS6434   |b VIDEO   |c Media Collection   |e Default branch